000 00382nam a2200169Ia 4500
999 _c48289
_d48289
003 0100
005 20181205094751.0
008 130303s9999 xx 000 0 und d
040 _cARRUPELIB
050 _aMT6.Z85 1959
100 _aZuckerkandl, Victor
_943780
245 4 _aThe sense of music
_cVictor Zuckerkandl
260 _aPrinceton NJ
_bPrinceton University Press
_c1959
300 _aix, 246p. ;
_c24cm.
650 _aMusic
_xTheory
_943781
650 _aMusic
_xAnalysis
_943782
942 _2lcc
_cMONOGRAPH